000 00325nam a22001457a 4500
003 SGT
020 _a9789351430063
082 _a346..66,MAN
100 _aMANKAR, PRACHI
245 _aINSIGHTS INTO THE NEW COMPANY LAW
260 _aGURGAON
_bLEXIS NEXIS
_c2013
300 _a383
650 _aCOMPANY LAW
942 _2ddc
_cBK
999 _c10894
_d10894